| 000 | 01064nam a2200253 a 4500 | ||
|---|---|---|---|
| 001 | BRCA_531 | ||
| 005 | 20190320203041.0 | ||
| 008 | 010827s2001 mx-a---##b---#000-0#spa-# | ||
| 020 | _a9706631607 | ||
| 040 |
_aDLC _cDLC _dDLC |
||
| 050 | 4 |
_aGT625 _b.L38 2001 |
|
| 100 | 1 |
_aLavín, Lydia _91834 |
|
| 245 | 1 | 0 |
_aMuseo del traje mexicano _cLydia Lavín, Gisela Balassa ; investigación iconográfica María Luz Casal Pagés. |
| 260 |
_aMéxico _bClío : SEARS _c2001 |
||
| 300 |
_a6 v. _bil. (algunas a color) _c27 cm. |
||
| 500 | _aLa biblioteca solo cuenta con los volúmenes 2, 4 y 5 | ||
| 504 | _aIncluye referencias bibliográficas | ||
| 505 | 0 | _aContenido : v. 1. El mundo prehispánico. -- v. 2. El siglo de la conquista. -- v. 3. El siglo del Barroco novohispano. -- v. 4. El siglo de las Luces. -- 5. El siglo del Imperio y la República. -- v. 6. El siglo cosmopolita | |
| 650 | 1 | 4 |
_aPrendas de vestir _xHistoria _zMéxico _91835 |
| 653 | 0 | _aIndumentaria | |
| 700 | 1 |
_aBalassa, Gisela _91836 |
|
| 700 | 1 |
_aCasal Pagés, María Luz _91837 |
|
| 942 |
_2lcc _cB |
||
| 999 |
_c463 _d463 |
||